THE THEORY AND PRACTICAL BOOK OF INDUSTRIAL PHARMACY (Record no. 26420)

MARC details
000 -LEADER
fixed length control field 00411nam a22001577a 4500
003 - CONTROL NUMBER IDENTIFIER
control field SGT
020 ## - INTERNATIONAL STANDARD BOOK NUMBER
International Standard Book Number 9789388022663
082 ## - DEWEY DECIMAL CLASSIFICATION NUMBER
Classification number 615.4
Item number I23P
100 ## - MAIN ENTRY--PERSONAL NAME
Personal name PATIL, KETAN B.
245 ## - TITLE STATEMENT
Title THE THEORY AND PRACTICAL BOOK OF INDUSTRIAL PHARMACY
260 ## - PUBLICATION, DISTRIBUTION, ETC. (IMPRINT)
Place of publication, distribution, etc NEW DELHI
Name of publisher, distributor, etc INNOVATIVE PUB.
Year of Publication 2023
300 ## - PAGE DESCRIPTION
No. of Pages 207
650 ## - SUBJECT ADDED ENTRY--TOPICAL TERM
Topical term or geographic name as entry element INDUSTRIAL PHARMACY
653 ## - KEYWORDS--INDEX TERM
Keyword term PRACTICAL , INDUSTRIAL ,PHARMACY
942 ## - ADDED ENTRY ELEMENTS (KOHA)
Source of classification or shelving scheme Dewey Decimal Classification
Koha item type Books
942 ## - ADDED ENTRY ELEMENTS (KOHA)
-- 4
Holdings
Withdrawn status Lost status Source of classification or shelving scheme Damaged status Not for loan Collection code Home library Current library Shelving location Date acquired Vendor Name Cost, normal purchase price SGTU Bill Number Total Checkouts Full call number Accession No. (Barcode) Date last seen Date last borrowed Bill Date Koha item type Use restrictions
    Dewey Decimal Classification     PHARMACY SGT FA-FP Library SGT FA-FP Library Text Book 28/05/2024 AHUJA PUBLICATION 600.00 SGTU 18906 5 615.4 I23P FP4736 22/08/2025 22/08/2025 08/05/2024 Books  
    Dewey Decimal Classification     PHARMACY SGT FA-FP Library SGT FA-FP Library Reference Book 28/05/2024 AHUJA PUBLICATION 600.00 SGTU 18906   615.4 I23P FP4737 28/05/2024   08/05/2024 Books Restricted Access